| 000 | 00474 a2200169 4500 | ||
|---|---|---|---|
| 000 | BKB | ||
| 001 | 071230 | ||
| 005 | 20200902150942.0 | ||
| 008 | |||
| 082 |
_a351.160954 _bM98S |
||
| 100 | 1 | _aMuthuswamy | |
| 245 | 1 |
_aSwamy's annual-2006 : compendium on service matters _cby Muthuswamy and Brinda |
|
| 260 |
_aChennai _bSwamy Pub. _c2007 |
||
| 300 | _a448p. | ||
| 690 | _aSwamy; General Reference; | ||
| 700 |
_aBrinda _b _c |
||
| 999 |
_c4574 _d4574 |
||